000 00546cam a22001457a 4500
008 180718b1993 xxu||||| |||| 00| 0 eng d
082 _aBA27x54 D165
100 _aEngels, Dagmar
245 _aThe myth of the family unit: Adivasi women in coal-mines and tea plantations in early twentieth-century Bengal
_cby Dagmar Engels
260 _aDelhi
_bOxford
_c1993
300 _a225-244
500 _a[In] Dalit movements and the meanings of labour in India, edited by Peter Robb
650 _aTribes and Tribal System
650 _aWomen in Employment
999 _c364694
_d364694